000 00542nam a22001817a 4500
999 _c14128
_d14128
003 AR-CdUCM
008 190422b ||||| |||| 00| 0 spa d
020 _a978-84-9825-932-2
040 _aMUNICIPALIDAD PROVINCIAL DEL CUSCO
_cBIBLIOTECA MUNICIPAL DEL CUSCO
082 _23ed.
_aPI / 376.1 /
_bC73
110 _aCombel
_932671
245 _aColores /
260 _aBarcelona :
_bCombel,
_c2016.
300 _a8 páginas ;
_bIlustraciones,
_c17.5 cm.
650 _aCuentos infantiles
_93927
942 _2ddc
_cLIBROS
945 _aacv
_d2019-04-22